Parc Natural del Montseny : Reserva de la biosfera : Itinerarios señalizados Itinerarios señalizados
MARC
| LEADER | 00000nem a22000007a 4500 | ||
|---|---|---|---|
| 001 | 28140 | ||
| 003 | AGDB | ||
| 005 | 20260324181522.0 | ||
| 008 | 240304b spa||||| |||| 00| 0 cat d | ||
| 017 | |a B 19139-2023 | ||
| 040 | |a agdb |b cat | ||
| 041 | |a spa | ||
| 110 | |a Parc Natural del Montseny (Catalunya) |9 10461 | ||
| 245 | |a Parc Natural del Montseny : Reserva de la biosfera : |b Itinerarios señalizados | ||
| 246 | |a Parc Natural del Montseny : |b mapa de itinerarios señalizados | ||
| 260 | |a Barcelona : |b Diputació de Barcelona ; |c 2023 | ||
| 300 | |a 1 full plegat ; |b il. col. ; plànol ; |c 31 x 20 cm | ||
| 500 | |a Conté el plànol amb els itineraris senyalitzats i consells útils per visitar el parc i informacions sobre el transport i els punts d'informació. | ||
| 610 | 0 | |a Parc Natural del Montseny (Catalunya) |v Guies |9 52680 | |
| 610 | 1 | 0 | |a Parc Natural del Montseny (Catalunya) |x Circuits turístics |9 52715 |
| 610 | 1 | 0 | |a Barcelona (Catalunya : Província). |b Xarxa de Parcs Naturals |v Guies |9 52737 |
| 650 | 0 | |a Parcs Naturals |z Barcelona (Catalunya : Província) |v Guies |9 50316 | |
| 655 | 0 | |a Fulletons |9 55858 | |
| 710 | 1 | |a Barcelona (Catalunya : Província). |b Xarxa de Parcs Naturals |9 7250 | |
| 710 | 1 | |a Barcelona (Catalunya : Província). |b Gerència de Serveis d’Espais Naturals |9 52730 | |
| 710 | 1 | |a Girona (Catalunya : Província). |b Diputació |9 11479 | |
| 942 | |c ARXIU |2 udc |n 1 | ||
| 952 | |0 0 |1 0 |4 0 |6 FU7658 |7 1 |9 96798 |a Arxiu |b Arxiu |d 2024-03-04 |l 0 |o FU-76-58 |p 28410 |r 2024-03-04 00:00:00 |w 2024-03-04 |y ARXIU | ||
| 999 | |c 128637 |d 128637 | ||